000 00380nam a2200121Ia 4500
008 211119s9999||||xx |||||||||||||| ||und||
082 _a894.8123
_bPOT-V
100 _aPottekkatt, S K
245 0 _aVolume title
260 _bPoorna
_a1978
_cKozhikode
650 _aMalayalam Literature
_vMalayalam FictionMalayalam NovelsShort StoriesEconomics
_xPGR-GANDHIAN STUDIES
942 _cBOOK
999 _c112062
_d112062